[Event "Eynatten 1 - Eynatten 2"]
[Site "?"]
[Date "2010.09.26"]
[Round "1.1"]
[White "Schebler, Gerhard"]
[Black "Zebel, Patrick"]
[Result "1/2-1/2"]
[WhiteElo "2510"]
[BlackElo "2365"]
[PlyCount "51"]
[EventDate "2010.??.??"]
[WhiteTeam "Eynatten 2"]

1. Nf3 Nf6 2. g3 g6 3. b3 Bg7 4. Bb2 d6 5. d4 c5 6. c4 Ne4 7. Bg2 Qa5+ 8. Nfd2
Nxd2 9. Bc3 Qb6 10. dxc5 Nxb1 11. Bxg7 Qb4+ 12. Kf1 Rg8 13. Bh6 g5 14. h4 Na3
15. Bxg5 Qxc5 16. Be3 Qf5 17. Bd4 Nc6 18. e4 Qa5 19. Bb2 Ne5 20. Qc1 Nd3 21.
Bc3 Nxc1 22. Bxa5 Nd3 23. Ke2 Ne5 24. Rhc1 Nc6 25. Bc3 a5 26. Bb2 1/2-1/2

[Event "Eynatten 2 - Eynatten 1"]
[Site "?"]
[Date "2010.09.26"]
[Round "1.2"]
[White "Ivic, Roman"]
[Black "Alienkin, Aleksander"]
[Result "1/2-1/2"]
[WhiteElo "2322"]
[BlackElo "2412"]
[PlyCount "37"]
[EventDate "2010.??.??"]
[WhiteTeam "KSK 47 Eynatten 2"]
[BlackTeam "KSK47 Eynatten 1"]

1. d4 Nf6 2. Nf3 e6 3. c4 b6 4. Nc3 Bb4 5. Bg5 Bb7 6. e3 h6 7. Bxf6 Bxc3+ 8.
bxc3 Qxf6 9. Be2 d6 10. O-O O-O 11. h3 Nd7 12. Qa4 Qe7 13. Nh2 e5 14. Rad1 f5
15. Qb3 Kh8 16. Qc2 Nf6 17. Bf3 Bxf3 18. Nxf3 Nd7 19. g3 1/2-1/2

[Event "Eynatten 2 - Eynatten 1"]
[Site "?"]
[Date "2010.09.26"]
[Round "1.4"]
[White "Maes, Valeer"]
[Black "Hammes, Michael"]
[Result "1/2-1/2"]
[WhiteElo "2172"]
[BlackElo "2393"]
[PlyCount "46"]
[EventDate "2010.??.??"]
[WhiteTeam "KSK47 Eynatten 2"]
[BlackTeam "KSK47 Eynatten 1"]

1. d4 f5 2. g3 Nf6 3. Bg2 g6 4. Nd2 Nc6 5. c3 Bg7 6. e4 fxe4 7. Nxe4 Nxe4 8.
Bxe4 e5 9. dxe5 Nxe5 10. Nf3 Nf7 11. O-O c6 12. Re1 O-O 13. Nd4 d5 14. Bg2 Qf6
15. f3 Bd7 16. Bf4 Rae8 17. Qd2 Nd6 18. Rxe8 Rxe8 19. Re1 Nc4 20. Rxe8+ Bxe8
21. Qe2 Bd7 22. Bc1 Qe5 23. Bf1 Nd6 1/2-1/2

[Event "Eynatten 2 - Eynatten 1"]
[Site "?"]
[Date "2010.09.26"]
[Round "1.6"]
[White "Schumacher, Helmut"]
[Black "Loo, Bernd"]
[Result "1/2-1/2"]
[WhiteElo "2103"]
[BlackElo "1999"]
[PlyCount "28"]
[EventDate "2010.??.??"]
[SourceDate "2010.09.26"]
[WhiteTeam "KSK47 Eynatten 2"]
[BlackTeam "KSK47 Eynatten 1"]

1. d4 Nf6 2. Nf3 e6 3. c4 d5 4. Nc3 Be7 5. Bf4 c6 6. e3 O-O 7. c5 Nbd7 8. Bd3
b6 9. b4 a5 10. a3 Ba6 11. O-O Qc8 12. h3 Bxd3 13. Qxd3 Qa6 14. Qxa6 Rxa6
1/2-1/2

[Event "Eynatten 1 - Eynatten 2"]
[Site "?"]
[Date "2010.09.26"]
[Round "1.7"]
[White "Samraoui, Medhi"]
[Black "Samraoui, Mekki"]
[Result "1/2-1/2"]
[WhiteElo "1997"]
[BlackElo "2056"]
[PlyCount "59"]
[EventDate "2010.??.??"]
[WhiteTeam "Eynatten 2"]

1. d4 d5 2. Nf3 Nf6 3. Bf4 Bf5 4. e3 e6 5. Bd3 Ne4 6. Nbd2 Nxd2 7. Qxd2 Bxd3 8.
cxd3 Bd6 9. Bxd6 Qxd6 10. O-O Nd7 11. b4 O-O 12. Rfc1 c6 13. Qb2 a6 14. Ne5 Nb6
15. a4 f6 16. Nf3 Nd7 17. b5 c5 18. bxa6 bxa6 19. Qa3 Rfc8 20. Nd2 Qf8 21. dxc5
Nxc5 22. d4 Nd7 23. Qd3 Qd6 24. g4 e5 25. dxe5 fxe5 26. Ne4 Qe6 27. Ng3 e4 28.
Qd1 Ne5 29. Nf5 g6 30. Qxd5 1/2-1/2

[Event "Eynatten 2 - Eynatten 1"]
[Site "?"]
[Date "2010.09.26"]
[Round "1.8"]
[White "Paulus, Werner"]
[Black "Kirch, Herbert"]
[Result "1/2-1/2"]
[WhiteElo "1725"]
[BlackElo "1828"]
[PlyCount "45"]
[EventDate "2010.??.??"]
[WhiteTeam "KSK47 Eynatten 2"]
[BlackTeam "KSK47 Eynatten 1"]

1. e4 c5 2. Nf3 Nc6 3. d4 cxd4 4. Nxd4 Nf6 5. Nc3 d6 6. Be3 a6 7. Bd3 e5 8. Nb3
Be6 9. O-O Be7 10. h3 d5 11. exd5 Nxd5 12. Nxd5 Bxd5 13. Qe2 O-O 14. Rad1 Qc7
15. Rfe1 Bxb3 16. axb3 Rad8 17. c3 Kh8 18. Qc2 g6 19. Bh6 Rfe8 20. Bc4 Bf6 21.
Rxd8 Rxd8 22. Rd1 Rxd1+ 23. Qxd1 1/2-1/2

[Event "Ans - KBSK "]
[Site ""]
[Date "2010.09.26"]
[Round "1.1"]
[White "Nijboer, Friso"]
[Black "Maenhout, Thibaut"]
[Result "1/2-1/2"]
[WhiteElo "2582"]
[BlackElo "2372"]
[PlyCount "46"]
[EventDate "2010.09.26"]
[EventRounds "11"]
[EventCountry "BEL"]
[SourceDate "2010.09.26"]
[WhiteTeam "België"]
[BlackTeam "België"]
[WhiteTeamCountry "BEL"]
[BlackTeamCountry "BEL"]

1. e4 c5 2. Nf3 d6 3. d4 cxd4 4. Nxd4 Nf6 5. Nc3 a6 6. Be2 e5 7. Nb3 Be7 8. Be3
Be6 9. Nd5 Nbd7 10. Qd3 Bxd5 11. exd5 O-O 12. O-O Nc5 13. Qd2 Nfe4 14. Qb4 a5
15. Qb5 b6 16. Rad1 Bg5 17. Bxg5 Qxg5 18. Bf3 Nxb3 19. Bxe4 Nc5 20. Bf3 Qe7 21.
c3 f5 22. b4 Nd7 23. a4 Rfc8 1/2-1/2

[Event "KBSK - Ans"]
[Site ""]
[Date "2010.09.26"]
[Round "1.2"]
[White "Geirnaert, Steven"]
[Black "Hoffmann, Michael"]
[Result "0-1"]
[WhiteElo "2356"]
[BlackElo "2517"]
[PlyCount "58"]
[EventDate "2010.09.26"]
[EventRounds "11"]
[EventCountry "BEL"]
[SourceDate "2010.09.26"]
[WhiteTeam "Royal Bruges"]
[BlackTeam "Tour Ans-Loncin"]
[WhiteTeamCountry "BEL"]
[BlackTeamCountry "BEL"]

1. f4 c5 2. Nf3 g6 3. e3 Bg7 4. d4 Nf6 5. Bd3 O-O 6. c3 d6 7. Qe2 Nc6 8. e4
cxd4 9. Nxd4 Nxd4 10. cxd4 Qb6 11. d5 Bg4 12. Qf2 Rac8 13. Qxb6 Rxc1+ 14. Kd2
Rxh1 15. Qxb7 Nd7 16. Nc3 Rxa1 17. Qxa7 Nc5 18. h3 Bd7 19. e5 Nxd3 20. Qxd7
Nxb2 21. Qxe7 dxe5 22. d6 Nc4+ 23. Ke2 Nxd6 24. Qxd6 exf4 25. Nd5 Re8+ 26. Kf3
Rf1+ 27. Kg4 h5+ 28. Kh4 f3 29. Ne7+ Rxe7 0-1

[Event "KBSK - Ans"]
[Site ""]
[Date "2010.09.26"]
[Round "1.6"]
[White "Verlinde, Tieme"]
[Black "Gulbas, Cemil"]
[Result "0-1"]
[WhiteElo "2237"]
[BlackElo "2444"]
[PlyCount "87"]
[EventDate "2010.09.26"]
[EventRounds "11"]
[EventCountry "BEL"]
[SourceDate "2010.09.26"]
[WhiteTeam "Royal Bruges"]
[BlackTeam "Tour Ans-Loncin"]
[WhiteTeamCountry "BEL"]
[BlackTeamCountry "BEL"]

1. e4 d6 2. Nf3 Nf6 3. d3 g6 4. g3 Bg7 5. Bg2 c5 6. O-O Nc6 7. Nbd2 O-O 8. c3
Rb8 9. a4 a6 10. h3 b5 11. axb5 axb5 12. Re1 Nd7 13. Nf1 b4 14. d4 bxc3 15.
bxc3 cxd4 16. cxd4 Nb6 17. Re2 d5 18. e5 Nc4 19. Ne3 Nb4 20. Nxc4 dxc4 21. Rb2
Be6 22. Rab1 Bf5 23. Ra1 c3 24. Re2 Bd3 25. Re3 c2 26. Qe1 Bh6 27. Ba3 Bxe3 28.
Qxe3 Qa5 29. Qh6 f6 30. exf6 exf6 31. Ne1 Rfc8 32. Qe3 Bc4 33. d5 Qb6 34. Qd2
Bb3 35. Bb2 Rd8 36. Bd4 Qd6 37. Ra7 Bxd5 38. Nxc2 Bxg2 39. Kxg2 Nxc2 40. Qxc2
Qd5+ 41. Kh2 Qxd4 42. Qa2+ Kh8 43. h4 Rb2 44. Qf7 0-1

[Event "Ans - KBSK"]
[Site ""]
[Date "2010.09.26"]
[Round "1.7"]
[White "Goossens, Etienne"]
[Black "Verduyn, Frederic"]
[Result "1-0"]
[WhiteElo "2243"]
[BlackElo "2202"]
[PlyCount "35"]
[EventDate "2010.09.26"]
[EventRounds "11"]
[EventCountry "BEL"]
[SourceDate "2010.09.26"]
[WhiteTeam "Tour Ans-Loncin"]
[BlackTeam "Royal Bruges"]
[WhiteTeamCountry "BEL"]
[BlackTeamCountry "BEL"]

1. e4 d6 2. d4 Nf6 3. Nc3 c6 4. f4 Qa5 5. Bd3 e5 6. Nge2 Bg4 7. Be3 Nbd7 8. Qd2
Bxe2 9. Bxe2 Be7 10. O-O Qc7 11. Kh1 b5 12. fxe5 dxe5 13. d5 a6 14. Rad1 cxd5
15. Nxd5 Nxd5 16. Qxd5 O-O-O 17. Rxf7 Rhe8 18. Qa8+ 1-0

[Event "KBSK - Ans "]
[Site ""]
[Date "2010.09.26"]
[Round "1.8"]
[White "Jacques, Robrecht"]
[Black "Lafosse, Jimmy"]
[Result "1/2-1/2"]
[WhiteElo "1955"]
[BlackElo "2092"]
[PlyCount "62"]
[EventDate "2010.09.26"]
[EventRounds "11"]
[EventCountry "BEL"]
[SourceDate "2010.09.26"]
[WhiteTeam "Royal Bruges"]
[BlackTeam "Tour Ans-Loncin"]
[WhiteTeamCountry "BEL"]
[BlackTeamCountry "BEL"]

1. e4 c5 2. Nf3 Nc6 3. d4 cxd4 4. Nxd4 Nf6 5. Nc3 e5 6. Nf5 d5 7. exd5 Bxf5 8.
dxc6 bxc6 9. Qf3 Qc8 10. Bc4 Bb4 11. O-O O-O 12. Bg5 Bxc3 13. Qxc3 Ne4 14. Qe3
Nxg5 15. Qxg5 Be6 16. Bxe6 Qxe6 17. Rfe1 f6 18. Qe3 Qc4 19. Qb3 Qf7 20. Red1
Rfd8 21. Kf1 Rd5 22. Rd3 Rad8 23. Rad1 Rxd3 24. Rxd3 Rxd3 25. Qxd3 Qd5 26.
Qxd5+ cxd5 27. Ke2 Kf7 28. Kd3 Ke6 29. c4 d4 30. b4 Kd6 31. f4 g5 1/2-1/2

[Event "Fontaine - KGSRL"]
[Site "?"]
[Date "2010.09.26"]
[Round "1.3"]
[White "Cekro, Ekrem"]
[Black "Van Haastert, Edwin"]
[Result "1/2-1/2"]
[WhiteElo "2392"]
[BlackElo "2419"]
[PlyCount "73"]
[EventDate "2010.??.??"]
[SourceDate "2010.09.26"]
[WhiteTeam "Fontaine 1"]
[BlackTeam "KGSRL 1"]

1. c4 c5 2. g3 g6 3. Bg2 Bg7 4. Nc3 Nc6 5. a3 d6 6. Rb1 a5 7. d3 Nf6 8. e4 Nd7
9. Nge2 Nf8 10. O-O Ne6 11. Nd5 O-O 12. b4 axb4 13. axb4 Nxb4 14. Nxb4 cxb4 15.
Rxb4 Ra2 16. Be3 Qa5 17. Rb1 Qa4 18. Qxa4 Rxa4 19. Rfc1 Ra3 20. d4 Rd3 21. Rd1
Rxd1+ 22. Rxd1 Bd7 23. Rb1 Rb8 24. Rb6 Nd8 25. f4 Rc8 26. Rb4 Bg4 27. Nc3 Nc6
28. Rxb7 Bxd4 29. Nd5 Kf8 30. Bxd4 Nxd4 31. h3 Be6 32. Nb6 Rc5 33. Kf2 Nb3 34.
Rb8+ Kg7 35. Rb7 Kf8 36. Rb8+ Kg7 37. Rb7 1/2-1/2

[Event "KGSRL - Fontaine "]
[Site "?"]
[Date "2010.09.26"]
[Round "1.4"]
[White "Van Oosterom, Chiel"]
[Black "Wantiez, Fabrice"]
[Result "1/2-1/2"]
[WhiteElo "2413"]
[BlackElo "2379"]
[PlyCount "39"]
[EventDate "2010.??.??"]
[WhiteTeam "KGSRL 1"]
[BlackTeam "Fontaine 1"]

1. e4 e5 2. Nf3 Nc6 3. Bb5 Nge7 4. O-O g6 5. c3 Bg7 6. d4 exd4 7. cxd4 d5 8. e5
O-O 9. h3 f6 10. exf6 Rxf6 11. Bg5 Re6 12. Nc3 Qd6 13. Qd2 Nf5 14. Bf4 Qd8 15.
Ne2 Nd6 16. Nc3 Nf5 17. Bg5 Qd6 18. Bf4 Qd8 19. Bg5 Qd6 20. Bf4 1/2-1/2

[Event "Fontaine - KGSRL"]
[Site "?"]
[Date "2010.09.26"]
[Round "1.5"]
[White "Marechal, Andy"]
[Black "Tjiam, Dharma"]
[Result "1-0"]
[WhiteElo "2307"]
[BlackElo "2385"]
[PlyCount "59"]
[EventDate "2010.09.25"]
[SourceDate "2010.09.26"]
[WhiteTeam "Fontaine 1"]
[BlackTeam "KGSRL 1"]

1. e4 d6 2. d4 Nf6 3. Nc3 g6 4. Be3 Bg7 5. h3 O-O 6. f4 Nbd7 7. Qf3 c5 8. dxc5
Nxc5 9. Bxc5 dxc5 10. e5 Ne8 11. Bc4 Rb8 12. Nge2 Qa5 13. O-O b5 14. Bd5 Nc7
15. Be4 Qb6 16. a4 b4 17. Nd5 Nxd5 18. Bxd5 Ba6 19. Qe3 e6 20. Bf3 f6 21. exf6
Bxf6 22. a5 Qd6 23. Rad1 Qe7 24. c3 bxc3 25. bxc3 Rb3 26. Rfe1 Rc8 27. Kh1 Kh8
28. Nc1 Rxc3 29. Qxe6 Rxf3 30. Qxa6 1-0

[Event "KGSRL - Fontaine "]
[Site "?"]
[Date "2010.09.26"]
[Round "1.6"]
[White "Goormachtigh, Johan"]
[Black "Claesen, Pieter"]
[Result "1/2-1/2"]
[WhiteElo "2273"]
[BlackElo "2367"]
[PlyCount "38"]
[EventDate "2010.??.??"]
[SourceDate "2010.09.26"]
[WhiteTeam "KGSRL 1"]
[BlackTeam "Fontaine 1"]

1. d4 d5 2. c4 c6 3. Nf3 Nf6 4. Nc3 dxc4 5. a4 e6 6. e3 Nbd7 7. Bxc4 Bb4 8. O-O
O-O 9. Qe2 Qa5 10. Rd1 e5 11. Bd2 e4 12. Ne5 Nxe5 13. dxe5 Qxe5 14. Nxe4 Bxd2
15. Nxf6+ Qxf6 16. Rxd2 Be6 17. Rad1 Rad8 18. Bxe6 fxe6 19. Rd7 h6 1/2-1/2

[Event "Amay - Borgerhout"]
[Site "?"]
[Date "2010.09.23"]
[Round "1.1"]
[White "Zaragatski, Ilja"]
[Black "Wemmer, Xander"]
[Result "0-1"]
[WhiteElo "2472"]
[BlackElo "2425"]
[PlyCount "94"]
[EventDate "2010.??.??"]

1. Nf3 Nf6 2. g3 d5 3. Bg2 c6 4. O-O Bf5 5. c4 e6 6. cxd5 exd5 7. d3 Be7 8. Nd4
Bc8 9. e4 O-O 10. Nc3 Re8 11. h3 Bf8 12. Kh1 h6 13. f4 c5 14. Nde2 d4 15. Nb1
Nc6 16. b3 b6 17. a4 Bb7 18. Na3 a6 19. Bb2 Rb8 20. g4 Nb4 21. Ng3 g6 22. Nc2
Nxc2 23. Qxc2 Nxg4 24. hxg4 Qh4+ 25. Kg1 Qxg3 26. g5 hxg5 27. Rf3 Qh4 28. fxg5
Bc8 29. Raf1 Bd6 30. R1f2 Bg3 31. Bc1 Bxf2+ 32. Rxf2 Rb7 33. a5 Re5 34. b4 Rxg5
35. Bxg5 Qxg5 36. axb6 Rxb6 37. bxc5 Rc6 38. Qc4 Be6 39. Qxd4 Rxc5 40. Qd6 Rc1+
41. Rf1 Bh3 42. Qb8+ Kh7 43. Qh2 Rxf1+ 44. Kxf1 Qxg2+ 45. Qxg2 Bxg2+ 46. Kxg2
a5 47. d4 Kg8 0-1

[Event "Borgerhout - Amay"]
[Site "?"]
[Date "2010.09.26"]
[Round "1.2"]
[White "Docx, Stefan"]
[Black "Burg, Twan"]
[Result "0-1"]
[WhiteElo "2382"]
[BlackElo "2449"]
[PlyCount "68"]
[EventDate "2010.??.??"]

1. d4 d5 2. c4 c6 3. Nf3 Nf6 4. e3 g6 5. Nc3 Bg7 6. Be2 O-O 7. O-O dxc4 8. Bxc4
Nbd7 9. b3 b5 10. Be2 Bb7 11. Bb2 a6 12. Qc2 Rc8 13. b4 Qb6 14. a3 Rc7 15. Rfc1
Rfc8 16. Qb3 Re8 17. Ng5 e6 18. Bf3 Re7 19. a4 e5 20. a5 Qa7 21. d5 cxd5 22.
Nxd5 Nxd5 23. Bxd5 Bxd5 24. Qxd5 Nf8 25. h4 h6 26. Ne4 Red7 27. Qb3 Ne6 28. Rd1
Rc4 29. Nd6 Rxh4 30. Rac1 Kh7 31. Rc6 Ng5 32. Bc3 Rd8 33. Rc1 Qd7 34. Be1 Nf3+
0-1

[Event "Amay - Borgerhout"]
[Site "?"]
[Date "2010.09.26"]
[Round "1.3"]
[White "Kleijn, Christov"]
[Black "Vedder, Henk"]
[Result "0-1"]
[WhiteElo "2424"]
[BlackElo "2372"]
[PlyCount "54"]
[EventDate "2010.??.??"]

1. e4 e6 2. d4 d5 3. Nc3 Nf6 4. Bg5 Be7 5. e5 Nfd7 6. Bxe7 Qxe7 7. f4 a6 8. Qd2
c5 9. Nf3 Nc6 10. dxc5 Qxc5 11. O-O-O b5 12. Bd3 b4 13. Ne2 a5 14. Kb1 Ba6 15.
Rhe1 a4 16. f5 Bxd3 17. cxd3 O-O 18. Rc1 Qb6 19. Nf4 Na5 20. f6 Nb3 21. Qd1
Nxc1 22. Qxc1 Rfc8 23. Qd2 b3 24. a3 Rc2 25. Qd1 Rac8 26. Ne2 Qf2 27. Ka1 Qxe2
0-1

[Event "Borgerhout - Amay"]
[Site "?"]
[Date "2010.09.26"]
[Round "1.4"]
[White "De Haan, Eric"]
[Black "Tan, Matthew"]
[Result "1/2-1/2"]
[WhiteElo "2345"]
[BlackElo "2381"]
[PlyCount "40"]
[EventDate "2010.??.??"]

1. d4 Nf6 2. c4 e5 3. dxe5 Ng4 4. Bf4 Nc6 5. Nf3 Bb4+ 6. Nbd2 Qe7 7. e3 Ngxe5
8. Nxe5 Nxe5 9. Be2 d6 10. O-O a5 11. a3 Bxd2 12. Qxd2 O-O 13. b4 Ng6 14. Bg3
axb4 15. axb4 Be6 16. Qd4 b6 17. Bf3 Rxa1 18. Rxa1 Ne5 19. Be2 c5 20. Qc3 Qf6
1/2-1/2

[Event "Borgerhout - Amay"]
[Site "?"]
[Date "2010.09.26"]
[Round "1.6"]
[White "Vedder, Richard"]
[Black "Memeti, Kastriot"]
[Result "1-0"]
[WhiteElo "2242"]
[BlackElo "2194"]
[PlyCount "45"]
[EventDate "2010.??.??"]

1. e4 d5 2. exd5 Qxd5 3. Nc3 Qa5 4. d4 Nf6 5. Bc4 Bg4 6. f3 Bf5 7. Nge2 Nbd7 8.
Be3 e5 9. O-O O-O-O 10. Qc1 Bg6 11. a3 exd4 12. Nxd4 Nb6 13. Bb5 Nbd5 14. Nb3
Nxe3 15. Nxa5 Nxc2 16. b4 Nxa1 17. Qxa1 h5 18. Qc1 h4 19. Na4 h3 20. g4 Bd6 21.
Nxb7 Be5 22. Nxd8 Bd4+ 23. Kh1 1-0

[Event "Amay - Borgerhout"]
[Site "?"]
[Date "2010.09.26"]
[Round "1.7"]
[White "Noiroux, Kevin"]
[Black "Baert, Andy"]
[Result "1-0"]
[WhiteElo "2164"]
[BlackElo "2199"]
[PlyCount "119"]
[EventDate "2010.??.??"]

1. d4 e6 2. Nf3 c5 3. c3 Nf6 4. Bf4 b6 5. e3 Be7 6. h3 d5 7. Nbd2 O-O 8. Bd3
Ba6 9. Bxa6 Nxa6 10. Ne5 Nb8 11. Qf3 Nfd7 12. e4 Nxe5 13. dxe5 Nc6 14. O-O Bg5
15. Rad1 Bxf4 16. Qxf4 Qc7 17. Nf3 Rad8 18. exd5 exd5 19. Qf5 Qd7 20. Qh5 Rfe8
21. Rfe1 Qe7 22. Ng5 h6 23. Nf3 Qe6 24. b3 a5 25. Nh4 d4 26. c4 g5 27. f4 gxf4
28. g3 fxg3 29. Nf5 Kh7 30. Rf1 Nxe5 31. Nh4 Rg8 32. Rf5 Ng6 33. Nf3 Qe3+ 34.
Kh1 g2+ 35. Kh2 Rd7 36. Rg1 Nh4 37. Qxh4 d3 38. Qe1 Qxe1 39. Rxe1 d2 40. Rd1
Rd3 41. Kg1 Rg3 42. Kf2 Rg7 43. Ng1 a4 44. Ke2 Rgg3 45. Rxf7+ Kg8 46. Rf3 Rdxf3
47. Nxf3 axb3 48. axb3 Rxh3 49. Kf2 Rh1 50. Rxd2 Rb1 51. Rd3 Kf7 52. Kxg2 Ke6
53. Kg3 Kf5 54. Rd5+ Ke6 55. Nd2 Rh1 56. Kg4 h5+ 57. Rxh5 Rxh5 58. Kxh5 Kf5 59.
Nb1 Ke5 60. Nc3 1-0

[Event "Borgerhout - Amay"]
[Site "?"]
[Date "2010.09.26"]
[Round "1.8"]
[White "Veltkamp, Gerben"]
[Black "Bikady, Claude"]
[Result "1-0"]
[WhiteElo "2191"]
[BlackElo "1999"]
[PlyCount "49"]
[EventDate "2010.??.??"]

1. d4 Nf6 2. c4 e6 3. Nc3 Bb4 4. e3 O-O 5. Bd3 Bxc3+ 6. bxc3 d6 7. Nf3 Nc6 8.
O-O b6 9. Rb1 Qd7 10. e4 e5 11. c5 dxc5 12. d5 Rd8 13. Bb5 Bb7 14. Nxe5 Nxe5
15. Bxd7 Rxd7 16. Qa4 a6 17. Bf4 Nd3 18. Bg5 b5 19. Qc2 Nxe4 20. Qxd3 Nxg5 21.
c4 Rad8 22. Qe3 h6 23. h4 Nh7 24. Qxc5 Nf6 25. Rfe1 1-0

[Event "CREC - Rochade"]
[Site "?"]
[Date "2010.09.26"]
[Round "1.1"]
[White "Eliet, Nicolas"]
[Black "Berelowitsch, Alexander"]
[Result "1/2-1/2"]
[WhiteElo "2410"]
[BlackElo "2571"]
[PlyCount "85"]
[EventDate "2010.09.26"]
[SourceDate "2010.09.26"]

1. d4 d5 2. c4 e6 3. Nc3 c5 4. cxd5 exd5 5. Nf3 Nc6 6. Bg5 f6 7. Be3 c4 8. g3
Bb4 9. Bg2 Nge7 10. O-O O-O 11. Bd2 Bg4 12. a3 Ba5 13. e3 Qd7 14. b4 cxb3 15.
Qxb3 Rfd8 16. Ra2 Rac8 17. Rb1 Bf5 18. Rd1 Bd3 19. Bf1 Bxf1 20. Kxf1 Qf5 21.
Ne1 b6 22. Kg1 h5 23. Qb1 Nxd4 24. Qxf5 Nexf5 25. Nb1 Nb3 26. Bb4 Nc5 27. Nf3
Bxb4 28. axb4 Ne4 29. Rxa7 Rc2 30. Nbd2 Rdc8 31. Rb7 Rc1 32. Rf1 R8c2 33. Nxe4
dxe4 34. Nh4 Nxh4 35. gxh4 Rxf1+ 36. Kxf1 Rc6 37. b5 Rd6 38. Kg2 Kh7 39. Kg3
Kg6 40. Kf4 Rd2 41. Kg3 Rd6 42. Kf4 Rd2 43. Kg3 1/2-1/2

[Event "Rochade - CREC"]
[Site "?"]
[Date "2010.09.26"]
[Round "1.2"]
[White "Deguadze, Alexandre"]
[Black "Houriez, Clément"]
[Result "1/2-1/2"]
[WhiteElo "2536"]
[BlackElo "2259"]
[PlyCount "48"]
[EventDate "2010.09.26"]
[SourceDate "2010.09.26"]

1. e4 c5 2. Nf3 d6 3. d4 Nf6 4. Nc3 cxd4 5. Nxd4 a6 6. Be3 e5 7. Nf3 Be7 8. Bc4
O-O 9. Qe2 Nc6 10. O-O Na5 11. Bd5 Bd7 12. Rfd1 Rc8 13. a4 h6 14. h3 Re8 15.
Rd3 Qc7 16. Qd2 Nc4 17. Bxc4 Qxc4 18. b3 Qc6 19. Re1 Kh7 20. a5 Bd8 21. Bb6
Bxb6 22. axb6 Be6 23. Ree3 Qxb6 24. Rxd6 Qa5 1/2-1/2

[Event "CREC - Rochade"]
[Site "?"]
[Date "2010.09.26"]
[Round "1.3"]
[White "Laurent, Bruno"]
[Black "Feygin, Michael"]
[Result "1/2-1/2"]
[WhiteElo "2339"]
[BlackElo "2526"]
[PlyCount "38"]
[EventDate "2010.??.??"]

1. e4 e6 2. d4 d5 3. Nc3 Nf6 4. e5 Nfd7 5. f4 c5 6. Nf3 Nc6 7. Be3 Be7 8. Qd2
O-O 9. Be2 b6 10. O-O f6 11. dxc5 Nxc5 12. Nd4 Bd7 13. exf6 Bxf6 14. Rae1 Nxd4
15. Bxd4 Bxd4+ 16. Qxd4 Qf6 17. Rd1 Rac8 18. g3 Kh8 19. Rfe1 Qf5 1/2-1/2

[Event "Rochade - CREC"]
[Site "?"]
[Date "2010.09.26"]
[Round "1.4"]
[White "Fiebig, Thomas"]
[Black "Akhayan, Ruben"]
[Result "1/2-1/2"]
[WhiteElo "2453"]
[BlackElo "2305"]
[PlyCount "92"]
[EventDate "2010.??.??"]

1. d4 d5 2. Nf3 Nf6 3. c4 c6 4. e3 g6 5. Bd3 Bg7 6. Nbd2 O-O 7. O-O Bg4 8. Qc2
Na6 9. a3 c5 10. h3 Bxf3 11. Nxf3 cxd4 12. exd4 dxc4 13. Bxc4 Qb6 14. Re1 e6
15. b4 Rac8 16. Qb3 Nc7 17. Bg5 Ncd5 18. Rad1 Qd6 19. Bh4 Nb6 20. Bf1 Qd5 21.
Qd3 Qf5 22. Rc1 Qxd3 23. Bxd3 Nfd5 24. Bg5 Rxc1 25. Rxc1 Rc8 26. Kf1 Bf8 27.
Rxc8 Nxc8 28. Bc1 Bg7 29. g3 Kf8 30. Bb2 Ke7 31. Ng5 h6 32. Ne4 Nd6 33. Nxd6
Kxd6 34. Bc4 a6 35. Ke2 b5 36. Bb3 Nb6 37. Kd3 Nd5 38. Bc1 Kc6 39. h4 Kd6 40.
Bd1 h5 41. Bf3 Kd7 42. Bg5 Bf8 43. Bc1 Bd6 44. Kc2 Bc7 45. Bd2 Bd6 46. Bc1 Bc7
1/2-1/2

[Event "CREC - Rochade"]
[Site "?"]
[Date "2010.09.26"]
[Round "1.5"]
[White "Bauduin, Etienne"]
[Black "Schneider, Bernd"]
[Result "0-1"]
[WhiteElo "2274"]
[BlackElo "2410"]
[PlyCount "72"]
[EventDate "2010.09.26"]
[SourceDate "2010.09.26"]

1. c4 g6 2. g3 Bg7 3. Bg2 e5 4. Nc3 Nc6 5. e4 d6 6. Nge2 f5 7. d3 Nf6 8. O-O
O-O 9. Nd5 Be6 10. Bg5 Qd7 11. Qd2 Rf7 12. Rae1 Raf8 13. b4 a6 14. a4 fxe4 15.
dxe4 Bh3 16. b5 Nd8 17. Nxf6+ Bxf6 18. Bh6 Bg7 19. Be3 Bxg2 20. Kxg2 Qg4 21.
Qc2 Qf3+ 22. Kg1 Ne6 23. Rd1 h5 24. Nc3 Nd4 25. Bxd4 exd4 26. Rd3 Qg4 27. Ne2
Qxe4 28. Qd1 Rf3 29. Nc1 Rxd3 30. Qxd3 Qxd3 31. Nxd3 Ra8 32. Ra1 axb5 33. cxb5
c5 34. a5 c4 35. Nb4 d3 36. Ra2 Rxa5 0-1

[Event "Rochade - CREC"]
[Site "?"]
[Date "2010.09.26"]
[Round "1.6"]
[White "Meessen, Rudolf"]
[Black "Godart, François"]
[Result "1-0"]
[WhiteElo "2314"]
[BlackElo "2213"]
[PlyCount "109"]
[EventDate "2010.09.26"]
[SourceDate "2010.09.26"]

1. d4 Nf6 2. Nc3 d5 3. Bg5 Nbd7 4. e3 h6 5. Bh4 e6 6. a3 Be7 7. Bd3 b6 8. Qf3
Bb7 9. g4 c6 10. Bg3 b5 11. h4 Qa5 12. Ra2 b4 13. axb4 Qxb4 14. Nge2 c5 15. Bc7
Bd8 16. Ra4 Qxb2 17. Nd1 Qb1 18. Nec3 Qc1 19. Bxd8 Kxd8 20. O-O c4 21. Bxc4 Nb6
22. Rb4 Qa3 23. Rb1 Nxc4 24. Rxb7 Qa6 25. Rb5 Ke7 26. Qf4 Rac8 27. f3 Rhd8 28.
Rf2 Qd6 29. Qxd6+ Nxd6 30. Ra5 Rc7 31. Na4 Nd7 32. Ndb2 Rdc8 33. c3 Nb6 34. Nc5
Nbc4 35. Nxc4 Nxc4 36. Ra6 Nxe3 37. Rfa2 Ra8 38. R2a4 Nd1 39. Ra3 Nb2 40. Kf2
Nc4 41. Rb3 g5 42. Kg3 f5 43. Rxe6+ Kf7 44. Rxh6 gxh4+ 45. Kxh4 Kg8 46. gxf5
Rg7 47. Rg6 Kh7 48. Rxg7+ Kxg7 49. Kg5 a5 50. f6+ Kh8 51. Ne6 a4 52. Rb1 Kg8
53. Rb7 Nd6 54. Rg7+ Kh8 55. Nf4 1-0

[Event "CREC - Rochade"]
[Site "?"]
[Date "2010.09.26"]
[Round "1.7"]
[White "Sclacmender, Julien"]
[Black "Ahn, Martin"]
[Result "1/2-1/2"]
[WhiteElo "2228"]
[BlackElo "2313"]
[PlyCount "70"]
[EventDate "2010.??.??"]

1. e4 c5 2. Nf3 d6 3. d4 cxd4 4. Nxd4 Nf6 5. Nc3 g6 6. Be3 Bg7 7. f3 Nc6 8. Qd2
O-O 9. Bc4 Nd7 10. h4 Nb6 11. Bb3 Na5 12. Qe2 a6 13. Qd3 Bd7 14. h5 Rc8 15.
hxg6 hxg6 16. O-O-O e5 17. Nf5 gxf5 18. exf5 Rxc3 19. bxc3 Re8 20. f6 e4 21.
fxe4 Bb5 22. Bxb6 Qxf6 23. Qf3 Nxb3+ 24. axb3 Qxc3 25. Qxc3 Bxc3 26. Bd4 Bxd4
27. Rxd4 Bc6 28. Rh4 Re6 29. Kd2 Rg6 30. Rh2 Kf8 31. Ke3 Ke7 32. Kf4 Rf6+ 33.
Ke3 Rg6 34. Rd2 Rg4 35. Rd4 Rg6 1/2-1/2

[Event "Rochade - CREC"]
[Site "?"]
[Date "2010.09.26"]
[Round "1.8"]
[White "Huesmann, Thomas"]
[Black "Dal Borgo, Albin"]
[Result "1-0"]
[WhiteElo "2233"]
[BlackElo "2205"]
[PlyCount "113"]
[EventDate "2010.??.??"]

1. e4 e5 2. Nf3 Nc6 3. Bc4 Nf6 4. d3 h6 5. c3 d6 6. Bb3 g6 7. Nbd2 Bg7 8. Nf1
O-O 9. Ne3 Na5 10. Bc2 c5 11. h3 Nc6 12. Nh2 d5 13. Qf3 d4 14. Neg4 h5 15.
Nxf6+ Qxf6 16. Qe2 dxc3 17. bxc3 Qh4 18. Bb3 Be6 19. Bxe6 fxe6 20. O-O Rad8 21.
Nf3 Qe7 22. Bg5 Bf6 23. h4 Rd6 24. Rfd1 Rfd8 25. Rd2 b5 26. Bxf6 Qxf6 27. Qe3
b4 28. Qxc5 bxc3 29. Qxc3 Nd4 30. Nxd4 Rxd4 31. g3 g5 32. hxg5 Qxg5 33. Re1 h4
34. Re3 Rb8 35. Rb2 Rdd8 36. Rxb8 Rxb8 37. Kh2 Rf8 38. Qe1 Rf7 39. Kg2 Rg7 40.
Rf3 Qg4 41. Re3 hxg3 42. Rxg3 Qh5 43. Rxg7+ Kxg7 44. Qe3 Qd1 45. Qxa7+ Kg6 46.
Qe3 Qc2 47. a3 Qa4 48. Qc5 Kf6 49. Qf8+ Kg6 50. Qg8+ Kf6 51. Qh8+ Kf7 52. Qh5+
Kf6 53. Qh8+ Kf7 54. Qxe5 Qxa3 55. d4 Qc3 56. Qh5+ Kg7 57. Qg4+ 1-0